[Event "Titled Tue 27th May Late"]
[Site "chess.com INT"]
[Date "2025.05.27"]
[Round "2"]
[White "Sakmak, Kutay"]
[Black "Aronian, Levon"]
[Result "0-1"]
[WhiteTitle "CM"]
[BlackTitle "GM"]
[WhiteElo "2158"]
[BlackElo "2747"]
[WhiteFideId "44581939"]
[BlackFideId "13300474"]
[EventDate "2025.05.27"]

1. e4 e6 2. d4 d5 3. Nd2 c5 4. Ngf3 cxd4 5. exd5 Qxd5 6. Bc4 Qd7 7. O-O Nc6 8.
Nb3 a6 9. Nbxd4 Nxd4 10. Nxd4 Qc7 11. Bb3 Bd6 12. h3 Ne7 13. c3 O-O 14. Re1 Bd7
15. Bg5 Ng6 16. Qf3 h6 17. Be3 Bh2+ 18. Kh1 Bf4 19. Rad1 e5 20. Ne2 Nh4 21. Qh5
Bxe3 22. fxe3 Nf5 23. e4 Ne7 24. Ng3 Be6 25. Bxe6 fxe6 26. Qg4 Rf6 27. Nh5 Rg6
28. Qh4 Rg5 29. Rf1 Ng6 30. Nf6+ gxf6 31. Qxh6 Nf4 32. Qxf6 Rg6 33. Qh4 Qg7 34.
g4 Rh6 0-1

[Event "Titled Tue 27th May Late"]
[Site "chess.com INT"]
[Date "2025.05.27"]
[Round "2"]
[White "Haug, Havard"]
[Black "Khenkin, Igor"]
[Result "1-0"]
[WhiteTitle "FM"]
[BlackTitle "GM"]
[WhiteElo "2354"]
[BlackElo "2499"]
[WhiteFideId "1547887"]
[BlackFideId "4659600"]
[EventDate "2025.05.27"]

1. e4 c6 2. d4 d5 3. Nd2 Qc7 4. Ngf3 Bg4 5. h3 Bh5 6. c3 e6 7. Bd3 Nf6 8. Qc2
dxe4 9. Bxe4 Nxe4 10. Qxe4 Nd7 11. Nc4 Nf6 12. Qe5 Qxe5+ 13. Nfxe5 Bg6 14. Bf4
Nd5 15. Bg3 O-O-O 16. Nxg6 fxg6 17. O-O-O Nb6 18. Ne5 Re8 19. Rhe1 Be7 20. Re2
Rhf8 21. Rde1 Bd6 22. Nxg6 Bxg3 23. Nxf8 Bf4+ 24. Kc2 Rxf8 25. Rxe6 Bg5 26. Re8+
Rxe8 27. Rxe8+ Kc7 28. Rg8 Bf6 29. g4 Nd5 30. g5 Bxg5 31. Rxg7+ Be7 32. Rxh7 Kd6
33. h4 Nf6 34. Rh8 Ne4 35. h5 Bf6 36. Ra8 a6 37. h6 Ng5 38. Rb8 b5 39. Ra8 Nf7
40. h7 Nh8 41. Rxa6 Kd5 42. a4 bxa4 43. Rxa4 Ng6 44. Ra5+ Ke6 45. b4 Nf8 46. Rh5
Bh8 47. Rh6+ Kd5 48. Kd3 Ne6 49. c4+ Kd6 50. b5 Ke7 51. Rxe6+ Kxe6 52. bxc6 Kd6
53. d5 Kc5 54. c7 1-0

[Event "Titled Tue 27th May Late"]
[Site "chess.com INT"]
[Date "2025.05.27"]
[Round "2"]
[White "Metin, Enis"]
[Black "Montano Vicente, Guadalupe"]
[Result "1-0"]
[WhiteElo "2169"]
[BlackElo "1940"]
[WhiteFideId "26306948"]
[BlackFideId "5181399"]
[EventDate "2025.05.27"]

1. e4 c5 2. Nf3 d6 3. d4 cxd4 4. Nxd4 Nf6 5. Nc3 a6 6. Bg5 e6 7. f4 h6 8. Bh4
Qb6 9. a3 Be7 10. Bf2 Qc7 11. Qe2 Nbd7 12. O-O-O b5 13. g4 Bb7 14. Bg2 Nc5 15.
Bf3 Nfd7 16. h4 Rc8 17. g5 Qa5 18. Kb1 b4 19. axb4 Qxb4 20. g6 fxg6 21. Bg4 Nf6
22. Bxe6 Nxe6 23. Nxe6 Rxc3 24. Rd4 Qb6 25. Rc4 1-0

[Event "Titled Tue 27th May Late"]
[Site "chess.com INT"]
[Date "2025.05.27"]
[Round "2"]
[White "Kikuchi Cadilhac, Mariana Sawae"]
[Black "Jagirapu, Harshin Reddy"]
[Result "0-1"]
[WhiteTitle "WFM"]
[WhiteElo "1849"]
[BlackElo "2042"]
[WhiteFideId "2144433"]
[BlackFideId "39910679"]
[EventDate "2025.05.27"]

1. d4 d5 2. c4 e6 3. Nc3 c6 4. e3 Nf6 5. Nf3 Nbd7 6. b3 Bb4 7. Bd2 O-O 8. Bd3 b6
9. O-O Bd6 10. e4 dxe4 11. Nxe4 Nxe4 12. Bxe4 Bb7 13. Bc3 Nf6 14. Re1 Nxe4 15.
Rxe4 c5 16. Rg4 f6 17. dxc5 Bxc5 18. Qe2 e5 19. Nxe5 Qe7 20. Rxg7+ Kxg7 21. Qg4+
Kh8 22. Qh5 fxe5 23. Bxe5+ Rf6 24. Rd1 Rf8 25. h3 Bxf2+ 26. Kh2 Be3 27. Kh1 Qg7
28. Qe2 Bc5 29. Rf1 Rxf1+ 30. Qxf1 Rxf1+ 0-1

[Event "Titled Tue 27th May Late"]
[Site "chess.com INT"]
[Date "2025.05.27"]
[Round "2"]
[White "Ozates, Tuna"]
[Black "Dubnevych, Maksym"]
[Result "1-0"]
[WhiteTitle "FM"]
[BlackTitle "FM"]
[WhiteElo "2217"]
[BlackElo "2292"]
[WhiteFideId "6354521"]
[BlackFideId "14184001"]
[EventDate "2025.05.27"]

1. d4 d5 2. Nf3 Nf6 3. Bd2 g6 4. c4 Bg7 5. Nc3 O-O 6. cxd5 Nxd5 7. e4 Nxc3 8.
Bxc3 c5 9. d5 Bxc3+ 10. bxc3 Qa5 11. Qd2 Nd7 12. h4 Nf6 13. Bd3 h5 14. c4 Qxd2+
15. Kxd2 b6 16. Ng5 Ng4 17. f3 Ne5 18. f4 Ng4 19. e5 f6 20. Nf3 Kg7 21. exf6+
exf6 22. Rhe1 Ba6 23. Re7+ Rf7 24. Rae1 Rd8 25. Kc3 Nf2 26. Bc2 Rd6 27. f5 gxf5
28. Bxf5 b5 29. Rxf7+ Kxf7 30. Rf1 Rxd5 31. cxd5 b4+ 32. Kd2 Bxf1 33. Ke1 Bc4
34. Be6+ Ke7 35. Kxf2 Bxa2 36. Nd2 c4 37. Ke3 c3 38. Ne4 a5 39. Bg8 Bb1 40. d6+
Kd8 41. Nc5 Bc2 42. Be6 a4 43. Nb7+ Ke8 44. d7+ Ke7 45. d8=Q+ Kxe6 46. Qd6+ Kf5
47. Qxb4 Bd3 48. Kxd3 Kg6 49. Qxc3 1-0

[Event "Titled Tue 27th May Late"]
[Site "chess.com INT"]
[Date "2025.05.27"]
[Round "2"]
[White "Gorodetzky, David"]
[Black "Eminov, Orkhan"]
[Result "1-0"]
[WhiteTitle "IM"]
[BlackTitle "FM"]
[WhiteElo "2481"]
[BlackElo "2239"]
[WhiteFideId "2813416"]
[BlackFideId "13402153"]
[EventDate "2025.05.27"]

1. d4 Nf6 2. c4 g6 3. Nc3 Bg7 4. Nf3 c5 5. d5 d6 6. e4 O-O 7. h3 e6 8. Bd3 Na6
9. O-O Nc7 10. a4 e5 11. a5 Na6 12. Be2 Nb4 13. Ne1 Ne8 14. Nd3 f5 15. Nxb4 cxb4
16. Na2 Qxa5 17. Bd2 fxe4 18. Bxb4 Qc7 19. Nc3 e3 20. fxe3 Rxf1+ 21. Qxf1 Qb6
22. Nb5 Qxe3+ 23. Qf2 Qb3 24. Nxd6 Nf6 25. Bc3 Bd7 26. Rxa7 Rf8 27. Rxb7 Qc2 28.
Bf3 Qc1+ 29. Kh2 e4 30. Rxd7 exf3 31. Rxg7+ Kxg7 32. Qxf3 Qg5 33. Ne4 1-0

[Event "Titled Tue 27th May Late"]
[Site "chess.com INT"]
[Date "2025.05.27"]
[Round "2"]
[White "Montiel, Angel Nathanael"]
[Black "Sieciechowicz, Marcin"]
[Result "1/2-1/2"]
[WhiteTitle "CM"]
[BlackTitle "IM"]
[WhiteElo "2011"]
[BlackElo "2410"]
[WhiteFideId "3706923"]
[BlackFideId "1130170"]
[EventDate "2025.05.27"]

1. Nf3 d5 2. g3 Nf6 3. Bg2 c5 4. O-O e6 5. d4 cxd4 6. Nxd4 e5 7. Nb3 Nc6 8. N1d2
Be7 9. c4 d4 10. Ne4 Nxe4 11. Bxe4 Bh3 12. Re1 O-O 13. e3 Be6 14. exd4 exd4 15.
Bd5 Bxd5 16. cxd5 Qxd5 17. Bf4 Bf6 18. Rc1 b6 19. Qd3 Nb4 20. Qc4 Qxc4 21. Rxc4
Nd3 22. Re2 Rfc8 23. Rxc8+ Rxc8 24. Rd2 Nc1 25. Nxc1 Rxc1+ 26. Kg2 Rc8 27. Kf3
Re8 28. g4 g5 29. Bd6 Re6 30. Ba3 Kg7 31. b3 Re8 32. Bb2 Rd8 33. Ke4 d3 34.
Bxf6+ Kxf6 35. Rxd3 Rxd3 36. Kxd3 Ke5 37. Ke3 Kd5 38. Kd3 a6 39. a3 b5 40. b4
Ke5 41. Ke3 f5 42. h3 f4+ 43. Kd3 Kd5 44. f3 h6 45. Kc3 Ke5 46. Kd3 Kd5 47. Kc3
Ke5 48. Kd3 Kd5 1/2-1/2

[Event "Titled Tue 27th May Late"]
[Site "chess.com INT"]
[Date "2025.05.27"]
[Round "2"]
[White "Papadopoulos, Georgios3"]
[Black "Chassard, Cedric"]
[Result "1-0"]
[WhiteTitle "FM"]
[BlackTitle "FM"]
[WhiteElo "2363"]
[BlackElo "2250"]
[WhiteFideId "4210271"]
[BlackFideId "16243536"]
[EventDate "2025.05.27"]

1. e4 Nc6 2. Nf3 d5 3. exd5 Qxd5 4. Nc3 Qh5 5. Nb5 Kd8 6. d4 a6 7. Nc3 Bg4 8.
Be2 Nf6 9. d5 Ne5 10. Nxe5 Qxe5 11. Be3 Bxe2 12. Qxe2 Kc8 13. O-O-O h5 14. h3 g6
15. Rhe1 Qd6 16. Qc4 b5 17. Qd3 Rb8 18. Bd4 Bh6+ 19. Kb1 Rd8 20. Bxf6 exf6 21.
Ne4 Qb6 22. d6 f5 23. Qd5 c6 24. d7+ Kb7 25. Nd6+ Ka7 26. Qxf7 Bf4 27. Nc8+ 1-0

[Event "Titled Tue 27th May Late"]
[Site "chess.com INT"]
[Date "2025.05.27"]
[Round "2"]
[White "Akobian, Varuzhan"]
[Black "Carlsson, Ludvig"]
[Result "1-0"]
[WhiteTitle "GM"]
[BlackTitle "IM"]
[WhiteElo "2564"]
[BlackElo "2374"]
[WhiteFideId "13300580"]
[BlackFideId "1727010"]
[EventDate "2025.05.27"]

1. d4 Nf6 2. c4 e6 3. Nf3 d5 4. cxd5 exd5 5. Nc3 c6 6. Qc2 Be7 7. Bg5 g6 8. e3
Bf5 9. Bd3 Bxd3 10. Qxd3 Nbd7 11. O-O O-O 12. Rab1 a5 13. Qc2 Re8 14. Rfc1 Ne4
15. Nxe4 dxe4 16. Bxe7 Qxe7 17. Nd2 Nb6 18. Qc5 Nd5 19. Qxe7 Rxe7 20. Rc5 a4 21.
a3 f5 22. g3 h5 23. h4 Ra7 24. Rbc1 Re8 25. Nb1 Ra6 26. Nc3 Nxc3 27. R1xc3 Rb6
28. Rc2 Ra6 29. Kf1 Rd8 30. Ke2 Kf7 31. Kd2 Ke6 32. Re5+ Kf6 33. Rc4 Rd6 34. Kc3
Kf7 35. Rb4 b5 36. b3 axb3 37. Kxb3 Rd7 38. Kb2 Rda7 39. Rb3 Ra4 40. Rc5 R7a6
41. d5 cxd5 42. Rcxb5 Ke6 43. Rb6+ Ke5 44. Rxa6 Rxa6 45. Rb5 Ra4 46. Kb3 Rc4 47.
a4 Rc1 48. a5 Ra1 49. Kb4 f4 50. gxf4+ Kf5 51. Rxd5+ Kg4 52. Rg5+ Kf3 53. Rxg6
Kxf2 54. f5 Kxe3 55. f6 Kd2 56. Rg2+ Kd3 57. Kb5 e3 58. a6 e2 59. Rxe2 Kxe2 60.
f7 Rb1+ 61. Kc6 Rc1+ 62. Kd7 Rf1 63. Ke7 Rf4 64. f8=Q Rxf8 65. Kxf8 1-0

[Event "Titled Tue 27th May Late"]
[Site "chess.com INT"]
[Date "2025.05.27"]
[Round "2"]
[White "Manolache, Marius"]
[Black "Le, Tuan Minh"]
[Result "0-1"]
[WhiteTitle "GM"]
[BlackTitle "GM"]
[WhiteElo "2408"]
[BlackElo "2598"]
[WhiteFideId "1201530"]
[BlackFideId "12401153"]
[EventDate "2025.05.27"]

1. d4 d5 2. Nf3 Nf6 3. Bf4 c5 4. e3 Qb6 5. Qc1 Nc6 6. c3 Bf5 7. Nbd2 e6 8. h3
Be7 9. Be2 O-O 10. Nh4 Be4 11. Nhf3 Rac8 12. O-O h6 13. Ne5 cxd4 14. Nxc6 bxc6
15. exd4 c5 16. dxc5 Bxc5 17. Nb3 Be7 18. Be3 Qb8 19. Qd2 Rfd8 20. Rfd1 e5 21.
Qe1 a5 22. Nxa5 Qxb2 23. Bd2 Bc2 24. Rdc1 Bg6 25. Bf3 Bc5 26. Nb3 Bd6 27. Rd1
Ra8 28. Be3 Rxa2 29. Rxa2 Qxa2 30. Nc5 Bf8 31. Be2 Qa8 32. Nd3 Re8 33. Nb4 Bxb4
34. cxb4 d4 35. Bc1 Be4 36. f3 Bd5 37. Bb2 Qb7 38. Qd2 Bc6 39. Rc1 Bb5 40. Bd1
Nd5 41. Bb3 Ne3 42. Rc5 Bf1 43. Qc1 Qa6 44. Rc7 Rf8 45. f4 Qg6 46. g4 Bxh3 47.
g5 Qe4 48. Qd2 Qxf4 49. Qf2 Qxg5+ 50. Kh1 Bg2+ 51. Kg1 Bd5+ 52. Kh2 Ng4+ 0-1

[Event "Titled Tue 27th May Late"]
[Site "chess.com INT"]
[Date "2025.05.27"]
[Round "2"]
[White "Jahnz, Laurin"]
[Black "Sarasketa Irastortza, Oier"]
[Result "1-0"]
[WhiteTitle "CM"]
[BlackTitle "CM"]
[WhiteElo "2233"]
[BlackElo "2190"]
[WhiteFideId "16261089"]
[BlackFideId "54728207"]
[EventDate "2025.05.27"]

1. e4 e5 2. Nf3 Nc6 3. Bc4 Bc5 4. d3 Nf6 5. a4 d6 6. O-O a5 7. Be3 Ba7 8. Nc3 h6
9. Bxa7 Rxa7 10. Nd5 O-O 11. c3 Ra8 12. Re1 Re8 13. Rb1 Nxd5 14. exd5 Ne7 15. d4
Bf5 16. Ra1 e4 17. Nd2 Ng6 18. Bb5 Re7 19. Qh5 Qc8 20. Qe2 Nf4 21. Qe3 Nxd5 22.
Qg3 Re6 23. Qh4 e3 24. Nf3 exf2+ 25. Qxf2 c6 26. Bc4 Rxe1+ 27. Rxe1 Qd7 28. Nh4
Be6 29. Qg3 Re8 30. Rf1 Kh7 31. Bd3+ Kh8 32. Bf5 Qe7 33. Re1 Qf6 34. Bc2 Bd7 35.
Rf1 1-0

[Event "Titled Tue 27th May Late"]
[Site "chess.com INT"]
[Date "2025.05.27"]
[Round "2"]
[White "Petrus, Adrian"]
[Black "Tikhonov, Viacheslav"]
[Result "1-0"]
[WhiteTitle "CM"]
[BlackTitle "CM"]
[WhiteElo "2203"]
[BlackElo "2183"]
[WhiteFideId "14573652"]
[BlackFideId "44196407"]
[EventDate "2025.05.27"]

1. e4 c5 2. Nf3 Nc6 3. Bb5 Nd4 4. Nxd4 cxd4 5. O-O a6 6. Ba4 e6 7. d3 Bc5 8. f4
Ne7 9. Qg4 f5 10. Qxg7 Rg8 11. Qxh7 b5 12. Bb3 Bb7 13. Nd2 Qb6 14. a4 O-O-O 15.
axb5 axb5 16. Qh3 Rg4 17. Qf3 Rdg8 18. g3 Ng6 19. Kf2 Bb4 20. h3 Nh4 21. gxh4
Rg2+ 22. Qxg2 Rxg2+ 23. Kxg2 Bxd2 24. Bxd2 fxe4 25. dxe4 Bxe4+ 26. Kh2 Qc6 27.
Rf2 Bf5 28. Rg1 Kb7 29. c3 Qe4 30. Bd1 d3 31. Bf3 1-0

[Event "Titled Tue 27th May Late"]
[Site "chess.com INT"]
[Date "2025.05.27"]
[Round "2"]
[White "Toncheva, Nadya"]
[Black "Galchenko, Matvey"]
[Result "0-1"]
[WhiteTitle "FM"]
[BlackTitle "IM"]
[WhiteElo "2332"]
[BlackElo "2442"]
[WhiteFideId "2924056"]
[BlackFideId "24175480"]
[EventDate "2025.05.27"]

1. e4 e6 2. d4 d5 3. Nd2 a6 4. c3 c5 5. exd5 exd5 6. Ngf3 Nf6 7. Be2 Nc6 8. dxc5
Bxc5 9. O-O O-O 10. Nb3 Bb6 11. Bg5 h6 12. Bh4 Re8 13. Re1 g5 14. Bg3 Ne4 15.
Nfd4 Qf6 16. Bf3 Bd7 17. Nxc6 Bxc6 18. Nd4 Rad8 19. Qd3 a5 20. Rad1 Ba4 21. Rc1
Bc6 22. Rcd1 Qg6 23. Nxc6 Qxc6 24. Qc2 f5 25. Qb3 a4 26. Qc2 f4 27. Bxe4 dxe4
28. Rxd8 Rxd8 29. Bxf4 gxf4 30. Qe2 f3 31. gxf3 exf3 32. Qc2 Rd2 33. Qf5 Bxf2+
34. Kh1 Bxe1 35. Qg4+ Kf7 36. Qf5+ Ke7 37. Qe5+ Kd8 38. Qh8+ Kc7 39. Qe5+ Kc8
40. Qh8+ Rd8 0-1

[Event "Titled Tue 27th May Late"]
[Site "chess.com INT"]
[Date "2025.05.27"]
[Round "2"]
[White "Distaso, Antonio Pio"]
[Black "Hamitevici, Vladimir"]
[Result "0-1"]
[BlackTitle "GM"]
[WhiteElo "2253"]
[BlackElo "2423"]
[WhiteFideId "805548"]
[BlackFideId "13902393"]
[EventDate "2025.05.27"]

1. e4 a6 2. d4 c6 3. Nf3 d5 4. e5 Bg4 5. Be2 e6 6. O-O Nd7 7. Nbd2 c5 8. c3 Ne7
9. Re1 Nc6 10. b3 cxd4 11. cxd4 Bb4 12. Bb2 Bxf3 13. Bxf3 Qa5 14. Re2 Bc3 15.
Nb1 Bxb2 16. Rxb2 Nxd4 17. b4 Nxf3+ 18. Qxf3 Qc7 19. Nd2 Qxe5 20. Rbb1 O-O 21.
Re1 Qf6 22. Qg3 Rfc8 23. Nb3 Qc3 24. Qd6 Qc7 25. Qe7 Nf6 26. Qc5 Qxc5 27. bxc5
a5 28. Rec1 a4 29. Nd4 Ne4 30. c6 bxc6 31. Nxc6 Kf8 32. f3 Nd6 33. Rab1 Rc7 34.
Nd4 Rxc1+ 35. Rxc1 Rc8 36. Rxc8+ Nxc8 37. Kf2 Ke7 38. Ke3 Kd6 39. a3 Kc5 40. Kd3
Nd6 41. Kc3 Nb5+ 42. Nxb5 Kxb5 43. Kd4 Kc6 44. f4 Kd6 45. g4 f6 46. Kc3 Kc5 47.
h4 d4+ 48. Kd3 Kd5 49. g5 e5 50. f5 e4+ 51. Ke2 h6 52. gxh6 gxh6 0-1

[Event "Titled Tue 27th May Late"]
[Site "chess.com INT"]
[Date "2025.05.27"]
[Round "2"]
[White "Spitzl, Vinzent"]
[Black "Panarin, Mikhail"]
[Result "0-1"]
[WhiteTitle "FM"]
[BlackTitle "GM"]
[WhiteElo "2355"]
[BlackElo "2562"]
[WhiteFideId "12901253"]
[BlackFideId "4153251"]
[EventDate "2025.05.27"]

1. d3 c5 2. f4 g6 3. Nf3 Bg7 4. g3 Nc6 5. Bg2 d6 6. O-O e5 7. Nc3 Nge7 8. fxe5
dxe5 9. Ne4 b6 10. Nfg5 f5 11. Nc3 h6 12. Nf3 O-O 13. e4 f4 14. gxf4 exf4 15. e5
Rb8 16. Qe2 Bg4 17. Qe4 g5 18. h4 Bxf3 19. Bxf3 Qd4+ 20. Kg2 Nxe5 21. hxg5 hxg5
22. Rh1 Nxf3 23. Kxf3 Nf5 24. Kg4 Nh6+ 25. Kf3 g4+ 26. Kg2 f3+ 0-1

[Event "Titled Tue 27th May Late"]
[Site "chess.com INT"]
[Date "2025.05.27"]
[Round "2"]
[White "Shehzad, Shazil"]
[Black "Mei, Austin"]
[Result "0-1"]
[WhiteTitle "FM"]
[BlackTitle "FM"]
[WhiteElo "2354"]
[BlackElo "2280"]
[WhiteFideId "1521942"]
[BlackFideId "30948479"]
[EventDate "2025.05.27"]

1. d4 Nf6 2. Nf3 g6 3. Nc3 d5 4. Bf4 Bg7 5. Nb5 Na6 6. e3 c6 7. Nc3 Nc7 8. h3 h6
9. Be2 g5 10. Be5 Bf5 11. O-O O-O 12. a4 Ne4 13. Bxg7 Kxg7 14. Nxe4 Bxe4 15. Nd2
Bg6 16. c4 e6 17. b4 Qd6 18. Qb3 a5 19. c5 Qe7 20. bxa5 Rfb8 21. Qb6 e5 22. Rfe1
Ne6 23. a6 bxa6 24. Qxc6 exd4 25. Qxd5 dxe3 26. Qe5+ Qf6 27. Qxe3 Nd4 28. Bf3
Re8 29. Qa3 Nc2 30. Qa2 Nxa1 31. Rxa1 Rad8 32. c6 Rxd2 33. Qa3 Be4 34. Bxe4 Rxe4
35. Rc1 Qxf2+ 36. Kh1 Qxg2# 0-1

[Event "Titled Tue 27th May Late"]
[Site "chess.com INT"]
[Date "2025.05.27"]
[Round "2"]
[White "Petersson, Kjell"]
[Black "Sharankov, Grigory"]
[Result "0-1"]
[WhiteTitle "CM"]
[BlackTitle "CM"]
[WhiteElo "2068"]
[BlackElo "2238"]
[WhiteFideId "1705148"]
[BlackFideId "4168356"]
[EventDate "2025.05.27"]

1. d4 e6 2. Bf4 d5 3. Nf3 Nf6 4. e3 c5 5. Nbd2 Nc6 6. c3 Nh5 7. Bg5 f6 8. Bh4 g6
9. g4 Ng7 10. Bd3 cxd4 11. exd4 Bd6 12. Qc2 O-O 13. O-O-O Qc7 14. Kb1 e5 15.
dxe5 fxe5 16. Bxg6 e4 17. Bxh7+ Kxh7 18. Ng5+ Kh8 19. Ndxe4 dxe4 20. Qxe4 Nf5
21. Bg3 Be5 22. Ka1 Qg7 23. gxf5 Bxf5 24. Qh4+ Bh7 25. Ne6 Qf6 26. Qc4 Bg8 27.
Bxe5 Nxe5 0-1

[Event "Titled Tue 27th May Late"]
[Site "chess.com INT"]
[Date "2025.05.27"]
[Round "2"]
[White "Barria, Jose"]
[Black "May Sanchez, Andres Elias"]
[Result "1-0"]
[WhiteTitle "FM"]
[BlackTitle "CM"]
[WhiteElo "2379"]
[BlackElo "2209"]
[WhiteFideId "1939300"]
[BlackFideId "5150973"]
[EventDate "2025.05.27"]

1. d4 Nf6 2. c4 c5 3. d5 g6 4. Nc3 Bg7 5. e4 d6 6. Nf3 O-O 7. Be2 e6 8. O-O exd5
9. exd5 Bf5 10. Bd3 Bg4 11. h3 Bxf3 12. Qxf3 Nbd7 13. Bf4 Ne8 14. Qd1 Ne5 15.
Be2 a6 16. Re1 Nc7 17. Bf1 Rb8 18. a4 Re8 19. Qd2 Qh4 20. Bg3 Qd8 21. f4 Nd7 22.
Ne4 Nf6 23. Nc3 Nh5 24. Bf2 Qf6 25. g3 Rxe1 26. Rxe1 Re8 27. Be2 Qf5 28. Bg4
Bxc3 29. Qxc3 Qf6 30. Rxe8+ Nxe8 31. Qe1 Kf8 32. b4 b6 33. a5 cxb4 34. axb6 Qd8
35. Qxb4 Nhf6 36. b7 Qb8 37. Qb6 a5 38. Qa7 Nd7 39. Bxd7 a4 40. Qxb8 1-0

[Event "Titled Tue 27th May Late"]
[Site "chess.com INT"]
[Date "2025.05.27"]
[Round "2"]
[White "Zahn, Wolfgang"]
[Black "Azamikia, Mehran"]
[Result "1-0"]
[WhiteTitle "FM"]
[BlackTitle "CM"]
[WhiteElo "2280"]
[BlackElo "2130"]
[WhiteFideId "4620984"]
[BlackFideId "12502502"]
[EventDate "2025.05.27"]

1. d4 d5 2. c4 dxc4 3. e3 e5 4. Bxc4 exd4 5. Nf3 Bb4+ 6. Bd2 Bxd2+ 7. Qxd2 Nc6
8. exd4 Nf6 9. O-O O-O 10. Nc3 Bg4 11. Rad1 Bxf3 12. gxf3 Ne7 13. d5 Nf5 14. Qf4
Nd6 15. Bb3 Qd7 16. Ne4 Nfxe4 17. fxe4 f6 18. Rfe1 Rae8 19. f3 Re5 20. Kh1 Rfe8
21. Rg1 f5 22. Rg5 Qe7 23. Rdg1 g6 24. exf5 Re1 25. fxg6 Rxg1+ 26. Rxg1 h5 27.
g7 Qe3 28. Qf6 h4 29. Bc2 h3 30. Bh7+ Kxh7 31. Qh4+ Kg8 32. Qh8+ Kf7 33. g8=Q+
Rxg8 34. Qxg8+ Kf6 35. Qg7+ Kf5 36. Qf8+ Ke5 37. Qe7+ Kd4 38. Rd1+ Qd3 39. Rxd3+
Kxd3 40. Qxc7 Nf5 41. Qh7 1-0

[Event "Titled Tue 27th May Late"]
[Site "chess.com INT"]
[Date "2025.05.27"]
[Round "2"]
[White "Velikanov, Alexander"]
[Black "Gomez Gonzales, Fabiana"]
[Result "0-1"]
[WhiteTitle "IM"]
[BlackTitle "WCM"]
[WhiteElo "2372"]
[BlackElo "1843"]
[WhiteFideId "2039290"]
[BlackFideId "3860191"]
[EventDate "2025.05.27"]

1. c4 c6 2. Nf3 Nf6 3. g3 d5 4. Bg2 dxc4 5. O-O Nbd7 6. a4 a5 7. Na3 Nb6 8. b3
cxb3 9. Qxb3 e6 10. d3 Be7 11. e4 O-O 12. Be3 Nbd7 13. Nc4 Ng4 14. d4 Nxe3 15.
fxe3 Bb4 16. e5 Nb6 17. Nfd2 Nd5 18. Ne4 b6 19. Ncd6 Ba6 20. Rf3 Ra7 21. h4 h6
22. Bh3 Re7 23. Ra2 Qc7 24. Raf2 Be1 25. Rc2 Bb4 26. Kg2 Kh8 27. Bxe6 Rxe6 28.
Qxd5 cxd5 29. Rxc7 dxe4 30. Nxe4 Re7 31. Rxe7 Bxe7 32. Rf4 Bb7 33. Kf1 Kg8 34.
Nd2 Rc8 35. Ke2 Rc2 36. Kd3 Ra2 37. e4 Rxa4 38. d5 Bc5 39. Nb3 Ba6+ 40. Kc3 Be3
41. Rf3 Rxe4 42. d6 Bb5 43. Kc2 Rxe5 44. d7 Bxd7 0-1

[Event "Titled Tue 27th May Late"]
[Site "chess.com INT"]
[Date "2025.05.27"]
[Round "2"]
[White "Borisov, Yuri"]
[Black "Kucza, Karol"]
[Result "0-1"]
[WhiteTitle "FM"]
[BlackTitle "FM"]
[WhiteElo "2285"]
[BlackElo "2316"]
[WhiteFideId "1503928"]
[BlackFideId "1159755"]
[EventDate "2025.05.27"]

1. e4 e5 2. f4 exf4 3. Nc3 d6 4. d4 Qh4+ 5. Ke2 Nc6 6. Nf3 Qh5 7. Nd5 Kd8 8.
Nxf4 Qg4 9. h3 Qg3 10. Qe1 Qxe1+ 11. Kxe1 Nf6 12. Bd3 Nb4 13. Bd2 Nxd3+ 14. cxd3
b6 15. Ng5 Ke8 16. d5 Ba6 17. Bc3 Nd7 18. Kd2 h6 19. Nf3 Rg8 20. Rhf1 Be7 21.
Nh5 g6 22. Ng7+ Kf8 23. Ne6+ fxe6 24. dxe6 Nc5 25. b4 Na4 26. Nd4+ Ke8 27. Nc6
Nxc3 28. Kxc3 Rg7 29. Rf3 Bb7 30. b5 Bxc6 31. bxc6 b5 32. Raf1 a5 33. Rf7 Rxf7
34. Rxf7 Ra6 35. Rh7 Rxc6+ 36. Kd4 Bf6+ 37. Ke3 Rc2 38. Rxh6 Bg5+ 0-1

[Event "Titled Tue 27th May Late"]
[Site "chess.com INT"]
[Date "2025.05.27"]
[Round "2"]
[White "Sydoryka, Vladyslav"]
[Black "Le, Quang Liem"]
[Result "0-1"]
[WhiteTitle "FM"]
[BlackTitle "GM"]
[WhiteElo "2224"]
[BlackElo "2729"]
[WhiteFideId "14145928"]
[BlackFideId "12401137"]
[EventDate "2025.05.27"]

1. c4 Nf6 2. g3 e5 3. Bg2 d5 4. cxd5 Nxd5 5. Nf3 Nc6 6. O-O Nf6 7. Nc3 h6 8. a3
Bd6 9. d4 exd4 10. Nxd4 Nxd4 11. Qxd4 O-O 12. Bf4 Bxf4 13. Qxf4 c6 14. b4 Qe7
15. Ne4 Nxe4 16. Qxe4 Qxe4 17. Bxe4 Be6 18. Rfd1 Rfd8 19. Kf1 Kf8 20. Ke1 Ke7
21. Rac1 a5 22. Rxd8 Kxd8 23. Rb1 axb4 24. axb4 Ra2 25. Rd1+ Kc7 26. Rd2 Ra1+
27. Rd1 Ra4 28. Rb1 c5 29. Kd2 Rxb4 30. Rxb4 cxb4 31. Kd3 b5 32. Kd4 Kb6 33. Bc2
Ka5 34. Bd1 b3 35. Kc3 Ka4 36. Kb2 Kb4 37. e3 Bc4 38. Bf3 Kc5 39. Be4 Kd6 40. h4
Ke5 41. Bf3 Bd5 42. Be2 b4 43. Bd3 f6 44. Kc1 g5 45. Kb2 Be4 46. Be2 Bc2 47. Bf3
Kf5 48. Bh5 Ke4 49. Be2 Bd3 50. Bh5 Bc4 51. Bg4 Kd3 0-1

[Event "Titled Tue 27th May Late"]
[Site "chess.com INT"]
[Date "2025.05.27"]
[Round "2"]
[White "Kosakowski, Jakub"]
[Black "Ertan, Can"]
[Result "1-0"]
[WhiteTitle "GM"]
[BlackTitle "IM"]
[WhiteElo "2530"]
[BlackElo "2369"]
[WhiteFideId "1185080"]
[BlackFideId "6306330"]
[EventDate "2025.05.27"]

1. e4 e5 2. Nf3 Nc6 3. d4 exd4 4. Nxd4 Nf6 5. Nxc6 bxc6 6. Bd3 d5 7. exd5 cxd5
8. O-O Be7 9. c4 d4 10. Bg5 O-O 11. Nd2 a5 12. Re1 a4 13. h3 Re8 14. Qc2 h6 15.
Bh4 c5 16. Re2 Ra6 17. Rae1 Be6 18. Bf5 Nh5 19. Bxe7 Rxe7 20. Qd1 Nf4 21. Re5
Qa8 22. Be4 Qb8 23. Qf3 Ng6 24. Bxg6 fxg6 25. Qa3 Qb4 26. Qxb4 cxb4 27. Nf3 Kf8
28. Nxd4 Kf7 29. b3 axb3 30. axb3 Re8 31. Nxe6 Raxe6 32. Rxe6 Rxe6 33. Rxe6 Kxe6
34. Kf1 Ke5 35. Ke2 1-0